000 00276nam a2200109Ia 4500
008 190914s9999||||xx |||||||||||||| ||und||
100 _aHorngren Sundem
245 0 _aIntroduction to Management Accounting
260 _aNew Delhi
_bPearson
_c2004
300 _a735
942 _cBK
999 _c9905
_d9905